Biblioteca y Centro de Documentación

Flessibilità del mercato del lavoro e coesione sociale (Registro nro. 34715)

Detalles MARC
000 -CABECERA
Longitud fija campo de control 01061naa a2200313 c 4500
001 - NÚMERO DE CONTROL
Número de control 34715
003 - IDENTIFICADOR DE NÚMERO DE CONTROL
Identificador del número de control ES-MaCES
005 - FECHA Y HORA DE LA ÚLTIMA TRANSACCIÓN
Fecha y hora de la última transacción 20150724120101.0
008 - CAMPO FIJO DE DESCRIPCIÓN FIJA--INFORMACIÓN GENERAL
Códigos de información de longitud fija   050425n2004 it t 000 | ita d
035 ## - NÚMERO DE CONTROL DEL SISTEMA
Número de control del sistema CES20050001911v
040 ## - FUENTE DE CATALOGACIÓN
Centro catalogador de origen ES-MaCES
Lengua de catalogación spa
Centro transcriptor ES-MaCES
100 1# - ENCABEZAMIENTO PRINCIPAL--NOMBRE PERSONAL
Nombre de persona Biagioli, Mario
9 (RLIN) 7728
245 10 - MENCIÓN DE TÍTULO
Título Flessibilità del mercato del lavoro e coesione sociale
Mención de responsabilidad, etc. Mario Biagioli, Emilio Reyneri e Gilberto Seravalli
500 ## - NOTA GENERAL
Nota general Resumen en inglés
504 ## - NOTA DE BIBLIOGRAFÍA, ETC.
Nota de bibliografía, etc. Bibliografía: p.310-313
650 #4 - ASIENTO SECUNDARIO DE MATERIA--TÉRMINO DE MATERIA
Término de materia o nombre geográfico como elemento inicial Italia
9 (RLIN) 26952
650 #4 - ASIENTO SECUNDARIO DE MATERIA--TÉRMINO DE MATERIA
Término de materia o nombre geográfico como elemento inicial 1996-2001
9 (RLIN) 31688
650 #4 - ASIENTO SECUNDARIO DE MATERIA--TÉRMINO DE MATERIA
Término de materia o nombre geográfico como elemento inicial flexibilidad del trabajo
9 (RLIN) 30174
650 #4 - ASIENTO SECUNDARIO DE MATERIA--TÉRMINO DE MATERIA
Término de materia o nombre geográfico como elemento inicial cohesión social
9 (RLIN) 30743
650 #4 - ASIENTO SECUNDARIO DE MATERIA--TÉRMINO DE MATERIA
Término de materia o nombre geográfico como elemento inicial mercado de trabajo
9 (RLIN) 28292
653 10 - TÉRMINO DE INDEXACIÓN--NO CONTROLADO
Término no controlado Empleo
650 #4 - ASIENTO SECUNDARIO DE MATERIA--TÉRMINO DE MATERIA
9 (RLIN) 28300
Término de materia o nombre geográfico como elemento inicial política de empleo
700 1# - ENCABEZAMIENTO SECUNDARIO--NOMBRE PERSONAL
Nombre de persona Seravalli, Gilberto
9 (RLIN) 23871
700 1# - ENCABEZAMIENTO SECUNDARIO--NOMBRE PERSONAL
Nombre de persona Reyneri, Emilio
9 (RLIN) 21978
773 0# - ENTRADA DE DOCUMENTO FUENTE
Título Stato e mercato
Parte(s) relacionada(s) n. 71 (ag. 2004){10267 R. 058526}; p. 278-313
Número de control del registro relacionado (ES-MaCES)25280
Itemnumber del ítem fuente 47219
902 ## - CES. TIPO DE DOCUMENTO
Tipodoc (006$c Sirtex) ART Artículo de revista
942 ## - ELEMENTOS KOHA
Fuente de clasificaión o esquema Clasificación propia del CES
Koha [por defecto] tipo de item Artículos (1982-2017)
Parte de clasificación 2.1.

No hay ítems disponibles.

© CES, Consejo Económico y Social de España 2021